[Event "GBR-ch 100th"]
[Site "Torquay"]
[Date "2013.08.06"]
[Round "8"]
[White "Longson, Alexander"]
[Black "Palliser, Richard"]
[Result "0-1"]
[WhiteElo "2279"]
[BlackElo "2453"]
[PlyCount "80"]
[EventDate "2013.07.29"]
[EventType "swiss"]
[EventRounds "11"]
[EventCountry "GBR"]
[Source "John Saunders"]
[SourceDate "2015.07.24"]

1. e4 c5 2. Nf3 d6 3. d4 cxd4 4. Nxd4 Nf6 5. Nc3 a6 6. Bc4 e6 7. Bb3 b5 8. O-O
Be7 9. Qf3 Qc7 10. Qg3 O-O 11. Bh6 Ne8 12. a3 Bd7 13. Rad1 Nc6 14. Nxc6 Bxc6
15. Rfe1 a5 16. Bg5 Bxg5 17. Qxg5 b4 18. axb4 axb4 19. Na2 Nf6 20. Nxb4 Bxe4
21. Qf4 Qb7 22. f3 Qxb4 23. fxe4 d5 24. Re3 dxe4 25. h3 Rfd8 26. Rf1 Qb6 27.
Kh2 Ra5 28. Rg3 Rf5 29. Qh6 Nh5 30. Rxf5 Nxg3 31. Rg5 Nf1+ 32. Kh1 g6 33. Rg4
Rd1 34. Rh4 Ne3+ 35. Kh2 Qd6+ 36. Qf4 Nf1+ 37. Kh1 Qxf4 38. Rxf4 e3 39. Bc4
Nd2+ 40. Kh2 Nxc4 0-1

[Event "GBR-ch 100th"]
[Site "Torquay"]
[Date "2013.08.06"]
[Round "8"]
[White "Martin, Lewis"]
[Black "Dilleigh, Steve"]
[Result "0-1"]
[WhiteElo "2043"]
[BlackElo "2121"]
[PlyCount "60"]
[EventDate "2013.07.29"]
[EventType "swiss"]
[EventRounds "11"]
[EventCountry "GBR"]
[Source "John Saunders"]
[SourceDate "2015.07.24"]

1. e4 e6 2. d4 d5 3. exd5 exd5 4. Bd3 Nc6 5. c3 Bd6 6. Nf3 Bg4 7. O-O Nge7 8.
Re1 Qd7 9. Nbd2 O-O-O 10. b4 Ng6 11. Nb3 Rde8 12. Be3 Nf4 13. Nc5 Bxc5 14. Bxf4
Rxe1+ 15. Qxe1 Re8 16. Ne5 Nxe5 17. dxe5 Bd6 18. Qe3 Kb8 19. Qd4 Bf8 20. Be3 b6
21. a4 f6 22. exf6 gxf6 23. a5 Bd6 24. axb6 cxb6 25. f4 Be5 26. fxe5 fxe5 27.
Bf4 exf4 28. Qxf4+ Ka8 29. Qh6 Re7 30. Qxb6 Re1+ 0-1

[Event "GBR-ch 100th"]
[Site "Torquay"]
[Date "2013.08.06"]
[Round "8"]
[White "Mordue, A Tyson"]
[Black "Warman, Simon M"]
[Result "0-1"]
[WhiteElo "2256"]
[BlackElo "2093"]
[PlyCount "52"]
[EventDate "2013.07.29"]
[EventType "swiss"]
[EventRounds "11"]
[EventCountry "GBR"]
[Source "John Saunders"]
[SourceDate "2015.07.24"]

1. e4 c5 2. Nf3 e6 3. d4 cxd4 4. Nxd4 a6 5. Bd3 Bc5 6. Nb3 Ba7 7. Qe2 Nc6 8.
Be3 Bxe3 9. Qxe3 Nf6 10. Nc3 Qc7 11. f4 d6 12. O-O-O b5 13. Bxb5 axb5 14. Nxb5
Qe7 15. Nxd6+ Kf8 16. e5 Nd5 17. Qc5 Bd7 18. f5 Nxe5 19. fxe6 Bxe6 20. Rxd5
Bxd5 21. Qxd5 Rd8 22. Rd1 Ng4 23. Qa5 Ne3 24. Rd4 Qf6 25. Rf4 Rxd6 26. Qa8+ Qd8
0-1

[Event "GBR-ch 100th"]
[Site "Torquay"]
[Date "2013.08.06"]
[Round "8"]
[White "Moss, Guy"]
[Black "Lenier, Jude"]
[Result "1/2-1/2"]
[WhiteElo "2018"]
[BlackElo "2119"]
[PlyCount "85"]
[EventDate "2013.07.29"]
[EventType "swiss"]
[EventRounds "11"]
[EventCountry "GBR"]
[Source "John Saunders"]
[SourceDate "2015.07.24"]

1. e4 e5 2. Nf3 Nc6 3. Bb5 a6 4. Ba4 Nf6 5. d3 b5 6. Bb3 Bc5 7. O-O d6 8. c3
Bb6 9. Re1 h6 10. Nbd2 O-O 11. Nf1 Re8 12. Ne3 Ne7 13. h3 c5 14. a4 Bb7 15. Ng4
Ng6 16. Be3 Nxg4 17. hxg4 d5 18. exd5 Bxd5 19. g5 hxg5 20. Bxg5 Qd7 21. axb5
axb5 22. Rxa8 Bxa8 23. Nh4 Nxh4 24. Bxh4 Qf5 25. Bg3 Qg5 26. Qc1 Qg6 27. Bc2
Qc6 28. f3 c4+ 29. Bf2 Bxf2+ 30. Kxf2 cxd3 31. Bxd3 Rd8 32. Be4 Qf6 33. Qe3
Qh4+ 34. Kg1 Bd5 35. Qf2 Qg5 36. Qe3 Qh4 37. Qf2 Qe7 38. Qe3 Bxe4 39. Qxe4 Rd2
40. Qxe5 Qh4 41. Qe8+ Kh7 42. Qe4+ Qxe4 43. fxe4 1/2-1/2

[Event "GBR-ch 100th"]
[Site "Torquay"]
[Date "2013.08.06"]
[Round "8"]
[White "Owens, Megan R"]
[Black "Emery, Keith"]
[Result "1/2-1/2"]
[WhiteElo "1852"]
[BlackElo "1906"]
[PlyCount "42"]
[EventDate "2013.07.29"]
[EventType "swiss"]
[EventRounds "11"]
[EventCountry "GBR"]
[Source "John Saunders"]
[SourceDate "2015.07.24"]

1. c4 Nf6 2. g3 g6 3. Bg2 Bg7 4. Nc3 O-O 5. d4 d6 6. Nf3 Nbd7 7. O-O e5 8. e4
exd4 9. Nxd4 Ne5 10. b3 Bd7 11. h3 Qc8 12. Kh2 Nc6 13. Be3 Nxd4 14. Bxd4 c5 15.
Nd5 Qd8 16. Bxf6 Bxf6 17. Nxf6+ Qxf6 18. Qd3 Bc6 19. Rad1 Rfe8 20. Rd2 Re6 21.
Rfd1 Qe7 1/2-1/2

[Event "GBR-ch 100th"]
[Site "Torquay"]
[Date "2013.08.06"]
[Round "8"]
[White "Oyama, Akito"]
[Black "Howell, Christopher"]
[Result "1/2-1/2"]
[WhiteElo "1966"]
[BlackElo "2055"]
[PlyCount "24"]
[EventDate "2013.07.29"]
[EventType "swiss"]
[EventRounds "11"]
[EventCountry "GBR"]
[Source "John Saunders"]
[SourceDate "2015.07.24"]

1. e4 e6 2. d4 d5 3. Nc3 Bb4 4. Nge2 Nc6 5. a3 Bxc3+ 6. Nxc3 dxe4 7. d5 exd5 8.
Qxd5 Be6 9. Qxe4 Nf6 10. Qh4 Qd4 11. Qg3 O-O-O 12. Be3 Qg4 1/2-1/2

[Event "GBR-ch 100th"]
[Site "Torquay"]
[Date "2013.08.06"]
[Round "8"]
[White "Purdon, Colin"]
[Black "Bates, Richard"]
[Result "1-0"]
[WhiteElo "2140"]
[BlackElo "2375"]
[PlyCount "95"]
[EventDate "2013.07.29"]
[EventType "swiss"]
[EventRounds "11"]
[EventCountry "GBR"]
[Source "John Saunders"]
[SourceDate "2015.07.24"]

1. d4 Nf6 2. c4 g6 3. Nc3 Bg7 4. e4 d6 5. Nf3 O-O 6. h3 e5 7. d5 Na6 8. Bg5 h6
9. Be3 Nc5 10. Nd2 a5 11. g4 c6 12. Be2 Bd7 13. f3 a4 14. b4 axb3 15. axb3 cxd5
16. cxd5 Rc8 17. Nc4 Ne8 18. b4 Na6 19. Qd2 Nxb4 20. Rb1 Na6 21. Rxb7 Nc5 22.
Rb1 f5 23. O-O h5 24. Nb6 Rc7 25. Nxd7 Qxd7 26. Bb5 Qc8 27. Bxe8 Rxe8 28. Nb5
Rd7 29. gxf5 gxf5 30. Rfc1 Bf8 31. Kh2 Rg7 32. Bh6 Qd7 33. Bxg7 Bxg7 34. Rg1
Re7 35. Nc3 Rf7 36. Rb8+ Rf8 37. Rxf8+ Kxf8 38. Qg5 Nd3 39. Qxh5 Nf4 40. Qxf5+
Qxf5 41. exf5 e4 42. Rxg7 Kxg7 43. fxe4 Kf6 44. Kg3 Nd3 45. h4 Ne5 46. Nb5 Nf7
47. Kf4 Kg7 48. Nxd6 1-0

[Event "GBR-ch 100th"]
[Site "Torquay"]
[Date "2013.08.06"]
[Round "8"]
[White "Rayner, Francis"]
[Black "Armstrong, Malcolm J"]
[Result "1-0"]
[WhiteElo "2186"]
[BlackElo "2014"]
[PlyCount "41"]
[EventDate "2013.07.29"]
[EventType "swiss"]
[EventRounds "11"]
[EventCountry "GBR"]
[Source "John Saunders"]
[SourceDate "2015.07.24"]

1. e4 c6 2. d4 d5 3. Nc3 dxe4 4. Nxe4 Bf5 5. Ng3 Bg6 6. Bc4 e6 7. N1e2 Bd6 8.
Nf4 Nf6 9. Qe2 Qe7 10. h4 e5 11. dxe5 Qxe5 12. Be3 Ne4 13. Nxg6 hxg6 14. Bxf7+
Kxf7 15. Qc4+ Kf8 16. Qxe4 Nd7 17. O-O-O Nf6 18. Qxg6 Rd8 19. Nf5 Ne4 20. Bd4
Qf4+ 21. Kb1 1-0

[Event "GBR-ch 100th"]
[Site "Torquay"]
[Date "2013.08.06"]
[Round "8"]
[White "Smith, Andrew Philip"]
[Black "Osborne, Marcus E"]
[Result "0-1"]
[WhiteElo "2110"]
[BlackElo "2269"]
[PlyCount "64"]
[EventDate "2013.07.29"]
[EventType "swiss"]
[EventRounds "11"]
[EventCountry "GBR"]
[Source "John Saunders"]
[SourceDate "2015.07.24"]

1. e4 e6 2. d4 d5 3. Nc3 Nf6 4. e5 Nfd7 5. Qg4 f5 6. exf6 Nxf6 7. Qg3 Nc6 8.
Be3 g6 9. Nf3 Nh5 10. Qh3 e5 11. g4 Nf6 12. dxe5 Nxg4 13. Bg5 Be7 14. Bxe7 Nxe7
15. Qh4 O-O 16. Be2 Nc6 17. Ng5 h6 18. Bxg4 hxg5 19. Qh3 Nxe5 20. Be6+ Kg7 21.
O-O-O Rf3 22. Bxc8 Rxh3 23. Bxh3 c6 24. Rhe1 Qf6 25. Kb1 Rh8 26. Bf1 Rxh2 27.
Be2 Rxf2 28. Rh1 b5 29. Bxb5 cxb5 30. Nxd5 Qf5 31. Ne3 Qe4 32. Rhe1 Nf3 0-1

[Event "GBR-ch 100th"]
[Site "Torquay"]
[Date "2013.08.06"]
[Round "8"]
[White "Storey, Charles"]
[Black "Haria, Ravi"]
[Result "1-0"]
[WhiteElo "2214"]
[BlackElo "2133"]
[PlyCount "97"]
[EventDate "2013.07.29"]
[EventType "swiss"]
[EventRounds "11"]
[EventCountry "GBR"]
[Source "John Saunders"]
[SourceDate "2015.07.24"]

1. d4 Nf6 2. c4 c5 3. d5 b5 4. cxb5 a6 5. b6 d6 6. Nc3 Nbd7 7. e4 Rb8 8. f4 g6
9. Nf3 Nxb6 10. a4 Bg7 11. a5 Na8 12. Bc4 O-O 13. O-O Nc7 14. e5 Nfe8 15. Ne4
Bf5 16. Re1 Bxe4 17. Rxe4 e6 18. dxe6 d5 19. Re1 fxe6 20. Bd3 Bh6 21. g3 Ng7
22. Qc2 c4 23. Bxg6 hxg6 24. Qxg6 Rb3 25. Ra3 Rxa3 26. bxa3 Nce8 27. Qxh6 Qxa5
28. Bd2 Qb6+ 29. Be3 Qa5 30. Bf2 Qxa3 31. Ng5 Qd3 32. Re4 Qd1+ 33. Re1 Qd3 34.
Kg2 c3 35. Re3 Qb1 36. Rxc3 d4 37. Rb3 Qc2 38. Rb6 a5 39. Ra6 Nc7 40. Ra7 Rc8
41. g4 Qc6+ 42. Kh3 Qc2 43. Bg3 Qb1 44. Rxa5 Rb8 45. Ra3 Nce8 46. Rf3 Rb3 47.
Rxb3 Qxb3 48. Qg6 Qb7 49. Qh7+ 1-0

[Event "GBR-ch 100th"]
[Site "Torquay"]
[Date "2013.08.06"]
[Round "8"]
[White "Tambini, Jasper"]
[Black "Rudd, Jack"]
[Result "1-0"]
[WhiteElo "1979"]
[BlackElo "2280"]
[PlyCount "53"]
[EventDate "2013.07.29"]
[EventType "swiss"]
[EventRounds "11"]
[EventCountry "GBR"]
[Source "John Saunders"]
[SourceDate "2015.07.24"]

1. e4 e5 2. Nf3 Nc6 3. Bb5 a6 4. Ba4 Nf6 5. O-O Be7 6. Re1 b5 7. Bb3 d6 8. c3
O-O 9. h3 Na5 10. Bc2 c5 11. d4 Qc7 12. Nbd2 Bd7 13. d5 c4 14. Nf1 Nb7 15. Ng3
g6 16. Nh2 h5 17. Bg5 Nc5 18. Nf3 Kg7 19. Qd2 Rh8 20. Rad1 Qb8 21. Nh4 a5 22.
f4 Qb6 23. Qf2 exf4 24. Bxf4 Ng4 25. hxg4 hxg4 26. Nhf5+ gxf5 27. e5 1-0

[Event "GBR-ch 100th"]
[Site "Torquay"]
[Date "2013.08.06"]
[Round "8"]
[White "Tavares, Shawn P"]
[Black "Kirby, Peter J"]
[Result "1-0"]
[WhiteElo "2178"]
[BlackElo "1982"]
[PlyCount "39"]
[EventDate "2013.07.29"]
[EventType "swiss"]
[EventRounds "11"]
[EventCountry "GBR"]
[Source "John Saunders"]
[SourceDate "2015.07.24"]

1. d4 Nf6 2. c4 g6 3. Nc3 d5 4. cxd5 Nxd5 5. Bd2 Bg7 6. e4 Nb6 7. Be3 O-O 8.
Nf3 Bg4 9. Be2 e6 10. O-O Nc6 11. e5 h6 12. h3 Bxf3 13. Bxf3 Qd7 14. Na4 Nxe5
15. Bxb7 Rab8 16. Nc5 Qe7 17. dxe5 Nc4 18. Qd4 Nxe5 19. Qa4 Rfd8 20. Rfd1 1-0

[Event "GBR-ch 100th"]
[Site "Torquay"]
[Date "2013.08.06"]
[Round "8"]
[White "Thompson, Robert"]
[Black "Stewart, Ashley"]
[Result "1/2-1/2"]
[WhiteElo "1978"]
[BlackElo "2053"]
[PlyCount "71"]
[EventDate "2013.07.29"]
[EventType "swiss"]
[EventRounds "11"]
[EventCountry "GBR"]
[Source "John Saunders"]
[SourceDate "2015.07.24"]

1. Nf3 g6 2. g3 c5 3. c4 Bg7 4. Nc3 Nc6 5. Bg2 e5 6. O-O Nge7 7. d3 O-O 8. Bd2
d6 9. Ne1 Be6 10. Nc2 d5 11. cxd5 Nxd5 12. Ne3 Nde7 13. Ne4 b6 14. a3 Rc8 15.
b4 Nd4 16. Rb1 c4 17. dxc4 Bxc4 18. Nxc4 Rxc4 19. Bg5 h6 20. Bxe7 Qxe7 21. e3
Ne6 22. Nd6 Rc7 23. Nb5 Rd7 24. Qb3 Rfd8 25. Rfd1 a6 26. Nc3 Nc7 27. Bh3 Rxd1+
28. Rxd1 Rxd1+ 29. Qxd1 e4 30. Qc2 f5 31. Bf1 Qe5 32. Na4 Qd6 33. Bxa6 Nxa6 34.
Qc4+ Kh7 35. Qxa6 Qd1+ 36. Kg2 1/2-1/2

[Event "GBR-ch 100th"]
[Site "Torquay"]
[Date "2013.08.06"]
[Round "8"]
[White "Varnam, Liam"]
[Black "Waters, Clive L"]
[Result "1-0"]
[WhiteElo "2107"]
[BlackElo "2129"]
[PlyCount "117"]
[EventDate "2013.07.29"]
[EventType "swiss"]
[EventRounds "11"]
[EventCountry "GBR"]
[Source "John Saunders"]
[SourceDate "2015.07.24"]

1. c4 e6 2. g3 d5 3. Bg2 Nf6 4. Nf3 Be7 5. O-O O-O 6. b3 c5 7. Bb2 d4 8. b4 a5
9. bxc5 Nc6 10. Na3 e5 11. d3 Nd7 12. Nb5 Nxc5 13. Nd2 Bg4 14. Ne4 Qd7 15. Nxc5
Bxc5 16. Re1 Rad8 17. Qa4 Bb4 18. Ba3 Bxe1 19. Rxe1 Rfe8 20. Nd6 Re6 21. f3
Rxd6 22. Bxd6 Be6 23. c5 Bd5 24. Rb1 f6 25. a3 Qf7 26. Rb6 h5 27. Qb5 h4 28.
Rxb7 Qg6 29. f4 Bxg2 30. Kxg2 Rc8 31. Qc4+ Kh8 32. Qf7 Qg4 33. Kf2 Rd8 34. Qc7
Rc8 35. Qd7 hxg3+ 36. hxg3 Qxd7 37. Rxd7 Kh7 38. Kf3 exf4 39. gxf4 f5 40. Rc7
Rxc7 41. Bxc7 a4 42. e3 Kg6 43. Be5 dxe3 44. d4 Kf7 45. d5 Ne7 46. d6 Nc6 47.
Kxe3 g5 48. Bc3 g4 49. Kd3 Ke6 50. Kc4 g3 51. Be1 g2 52. Bf2 Nb8 53. Kb5 Kd5
54. Kxa4 Nc6 55. Kb5 Nd4+ 56. Kb6 Ne6 57. d7 Nd8 58. Kc7 Ne6+ 59. Kc8 1-0

[Event "GBR-ch 100th"]
[Site "Torquay"]
[Date "2013.08.06"]
[Round "8"]
[White "Walker, Samuel"]
[Black "Surtees, Michael"]
[Result "1-0"]
[WhiteElo "1978"]
[BlackElo "2106"]
[PlyCount "119"]
[EventDate "2013.07.29"]
[EventType "swiss"]
[EventRounds "11"]
[EventCountry "GBR"]
[Source "John Saunders"]
[SourceDate "2015.07.24"]

1. d4 c6 2. c4 f6 3. Nc3 e5 4. Nf3 Bb4 5. dxe5 Bxc3+ 6. bxc3 Qa5 7. Qd4 Na6 8.
exf6 Nxf6 9. Bf4 Nc5 10. Bd6 Nce4 11. Bb4 Qf5 12. Ba3 c5 13. Qe5+ Qxe5 14. Nxe5
d6 15. Nd3 Be6 16. f3 Nxc3 17. Rc1 Na4 18. Nf4 Bd7 19. e4 O-O 20. Bd3 g5 21.
Nd5 Nxd5 22. cxd5 b5 23. Rc2 Rae8 24. O-O a5 25. Bc1 g4 26. Rcf2 c4 27. Bc2 Nb6
28. f4 b4 29. f5 a4 30. Rf4 b3 31. Rxg4+ Kf7 32. Bd1 Rc8 33. Rh4 bxa2 34. Bh5+
Kf6 35. Be3 Ke5 36. Rd1 a1=Q 37. Rxa1 c3 38. Bxb6 c2 39. Be3 Rc3 40. Bf4+ Kd4
41. Kf2 Rb3 42. Rc1 Rc8 43. Ke1 a3 44. Bh6 Rb1 45. Kd2 Rg8 46. Rg4 Rxg4 47.
Bxg4 Ba4 48. Bg7+ Kxe4 49. f6 Be8 50. Rxc2 Kf4 51. Be2 Bf7 52. Ra2 Bxd5 53.
Rxa3 Rb2+ 54. Ke1 Bf7 55. Ra4+ Kg5 56. h4+ Kg6 57. g4 Rb3 58. Rd4 Be8 59. Bd3+
Rxd3 60. Rxd3 1-0

[Event "GBR-ch 100th"]
[Site "Torquay"]
[Date "2013.08.06"]
[Round "8"]
[White "Weaving, Richard"]
[Black "Hawkins, Jonathan"]
[Result "1/2-1/2"]
[WhiteElo "2196"]
[BlackElo "2517"]
[PlyCount "68"]
[EventDate "2013.07.29"]
[EventType "swiss"]
[EventRounds "11"]
[EventCountry "GBR"]
[Source "John Saunders"]
[SourceDate "2015.07.24"]

1. e4 c6 2. d4 d5 3. exd5 cxd5 4. c4 Nf6 5. Nc3 e6 6. Nf3 Bb4 7. cxd5 Nxd5 8.
Qc2 Nc6 9. Bd3 Ba5 10. a3 h6 11. O-O O-O 12. Be3 Nce7 13. Rad1 Bd7 14. Nxd5
Nxd5 15. Ne5 Bc7 16. Qe2 Qh4 17. Bb1 Rfd8 18. g3 Qe7 19. Qc2 f5 20. Nxd7 Qxd7
21. Rfe1 Bb6 22. Qe2 Rac8 23. Rc1 Qf7 24. Rxc8 Rxc8 25. Bd2 Rc6 26. Bc3 Qf6 27.
Qd3 Rd6 28. Ba2 g5 29. Qc4 Rd8 30. Qe2 Kf7 31. Qh5+ Kg7 32. Qe2 Kf7 33. Qh5+
Kg7 34. Qe2 Kf7 1/2-1/2

[Event "GBR-ch 100th"]
[Site "Torquay"]
[Date "2013.08.07"]
[Round "9"]
[White "Anderson, John"]
[Black "Knott, Simon JB"]
[Result "1/2-1/2"]
[WhiteElo "2189"]
[BlackElo "2318"]
[PlyCount "65"]
[EventDate "2013.07.29"]
[EventType "swiss"]
[EventRounds "11"]
[EventCountry "GBR"]
[Source "John Saunders"]
[SourceDate "2015.07.24"]

1. e4 e6 2. d4 d5 3. Nc3 Bb4 4. e5 c5 5. a3 Bxc3+ 6. bxc3 Ne7 7. Qg4 O-O 8. Bd3
Nbc6 9. Qh5 Ng6 10. Nf3 Qc7 11. Be3 c4 12. Bxg6 fxg6 13. Qg4 Bd7 14. h4 Rf5 15.
Ng1 Ne7 16. Ne2 Ba4 17. Kd2 Qd7 18. Qh3 Raf8 19. g4 Rf3 20. Qg2 h6 21. Ng1 R3f7
22. Rb1 h5 23. Nh3 hxg4 24. Qxg4 Rf5 25. Nf4 Kf7 26. Rhg1 Ke8 27. Nxg6 Nxg6 28.
Qxg6+ R8f7 29. Rg5 Kd8 30. Rxf5 Rxf5 31. Bg5+ Kc7 32. f4 Qf7 33. Qxf7+ 1/2-1/2

[Event "GBR-ch 100th"]
[Site "Torquay"]
[Date "2013.08.07"]
[Round "9"]
[White "Arkell, Keith C"]
[Black "Mackle, Dominic"]
[Result "1-0"]
[WhiteElo "2444"]
[BlackElo "2216"]
[PlyCount "57"]
[EventDate "2013.07.29"]
[EventType "swiss"]
[EventRounds "11"]
[EventCountry "GBR"]
[Source "John Saunders"]
[SourceDate "2015.07.24"]

1. d4 d5 2. Nf3 Nf6 3. c4 c6 4. e3 a6 5. Be2 Bg4 6. O-O e6 7. h3 Bh5 8. b3 Bd6
9. Bb2 Ne4 10. Nbd2 Nxd2 11. Nxd2 Bxe2 12. Qxe2 f5 13. e4 fxe4 14. f3 e3 15.
Qxe3 Qf6 16. Rae1 Kd7 17. f4 a5 18. Nf3 Na6 19. Ne5+ Bxe5 20. dxe5 Qe7 21. f5
Rhf8 22. fxe6+ Qxe6 23. Qb6 Rxf1+ 24. Rxf1 Rb8 25. Qxa5 dxc4 26. bxc4 Qxc4 27.
e6+ Kxe6 28. Qe5+ Kd7 29. Rd1+ 1-0

[Event "GBR-ch 100th"]
[Site "Torquay"]
[Date "2013.08.07"]
[Round "9"]
[White "Armstrong, Malcolm J"]
[Black "Mordue, A Tyson"]
[Result "1/2-1/2"]
[WhiteElo "2014"]
[BlackElo "2256"]
[PlyCount "44"]
[EventDate "2013.07.29"]
[EventType "swiss"]
[EventRounds "11"]
[EventCountry "GBR"]
[Source "John Saunders"]
[SourceDate "2015.07.24"]

1. d4 Nf6 2. Nf3 g6 3. Nc3 Bg7 4. e4 d6 5. h3 O-O 6. Be3 Nc6 7. Be2 e5 8. dxe5
dxe5 9. O-O h6 10. Bb5 Qe7 11. Nd5 Nxd5 12. exd5 Nb8 13. Qd2 Kh7 14. Rad1 Rd8
15. Rfe1 Qf6 16. Be2 Bf5 17. c4 b6 18. b4 a5 19. c5 axb4 20. cxb6 cxb6 21. Qxb4
Nd7 22. Rd2 Bf8 1/2-1/2

[Event "GBR-ch 100th"]
[Site "Torquay"]
[Date "2013.08.07"]
[Round "9"]
[White "Ball, Laurence"]
[Black "Jaunooby, Ali Reza"]
[Result "1/2-1/2"]
[WhiteElo "2108"]
[BlackElo "2170"]
[PlyCount "147"]
[EventDate "2013.07.29"]
[EventType "swiss"]
[EventRounds "11"]
[EventCountry "GBR"]
[Source "John Saunders"]
[SourceDate "2015.07.24"]

1. e4 g6 2. Nf3 Bg7 3. d4 d6 4. Nc3 a6 5. a4 Nf6 6. Be3 b6 7. Bd3 Bb7 8. Qd2
Ng4 9. Bg5 h6 10. Bh4 c5 11. d5 Nd7 12. O-O g5 13. Bg3 Nf8 14. h4 f6 15. Qe2
Qc8 16. h5 Nh7 17. Nd2 Ne5 18. Bxe5 fxe5 19. Nd1 O-O 20. Ne3 Qc7 21. f3 Nf6 22.
g4 Bc8 23. Rfd1 Qb7 24. Ndf1 Bd7 25. c4 Rfb8 26. Nd2 Ne8 27. Nf5 Bf8 28. b3 Nc7
29. Ne3 Qc8 30. Rdb1 Qe8 31. Kg2 Qf7 32. Nf5 e6 33. dxe6 Nxe6 34. Kg3 Rd8 35.
Nf1 Nf4 36. Qc2 Ne6 37. N1e3 Nd4 38. Qf2 Be6 39. Kg2 Kh7 40. Nxd4 exd4 41. Nf5
Kh8 42. Ra2 b5 43. Qc2 bxc4 44. bxc4 Qc7 45. Rab2 Rab8 46. Rxb8 Rxb8 47. Rxb8
Qxb8 48. Qe2 Kg8 49. e5 dxe5 50. Qe4 Qb2+ 51. Kh3 Qc1 52. Ng3 Bg7 53. Qa8+ Bf8
54. Qxa6 Bf7 55. Qb7 Bg7 56. Qc8+ Bf8 57. Qf5 Bg7 58. Qh7+ Kf8 59. Qf5 Kg8 60.
a5 Bxc4 61. Qc8+ Bf8 62. Bxc4+ Qxc4 63. a6 Qa2 64. Ne4 Qf7 65. Qf5 Qc4 66. Nf6+
Kf7 67. Nd5+ Kg8 68. Qe6+ Kh8 69. Qxe5+ Bg7 70. Qe8+ Kh7 71. Qg6+ Kh8 72. Qe8+
Kh7 73. Qe4+ Kh8 74. Qe8+ 1/2-1/2

[Event "GBR-ch 100th"]
[Site "Torquay"]
[Date "2013.08.07"]
[Round "9"]
[White "Batchelor, Peter"]
[Black "Eggleston, David"]
[Result "1/2-1/2"]
[WhiteElo "2118"]
[BlackElo "2363"]
[PlyCount "133"]
[EventDate "2013.07.29"]
[EventType "swiss"]
[EventRounds "11"]
[EventCountry "GBR"]
[Source "John Saunders"]
[SourceDate "2015.07.24"]

1. d4 e6 2. c4 f5 3. g3 Nf6 4. Bg2 Be7 5. Nf3 O-O 6. O-O Ne4 7. Nbd2 Bf6 8. Qc2
d5 9. b3 c5 10. Bb2 cxd4 11. cxd5 Qxd5 12. Ne1 Nc6 13. Nxe4 fxe4 14. Bxe4 Qh5
15. Bf3 Qe8 16. Be4 g6 17. Nf3 e5 18. Ba3 Rf7 19. Rfc1 Be6 20. Qd3 Rc8 21. Rc2
Qd7 22. Rac1 Bf5 23. Nd2 Bg5 24. h4 Bh6 25. Rf1 Bh3 26. Bg2 Bxg2 27. Kxg2 Bxd2
28. Rxd2 Qd5+ 29. Kg1 e4 30. Qb1 Qa5 31. Qb2 Qf5 32. Rxd4 Nxd4 33. Qxd4 Rd7 34.
Qxa7 Rc2 35. Qa8+ Kg7 36. e3 Rf7 37. Qd8 Rxa2 38. Qd4+ Qf6 39. Bc5 Qxd4 40.
Bxd4+ Kf8 41. b4 Rf5 42. g4 Rf3 43. Be5 Rf7 44. Bg3 Ke8 45. Rc1 Re7 46. Rc4 Rb2
47. Rd4 Re6 48. Kg2 Ke7 49. g5 Rc2 50. Kh3 Rc8 51. Kg4 Rf8 52. Rc4 Rf7 53. Rc7+
Kf8 54. Rc8+ Kg7 55. Rb8 Rfe7 56. Rd8 h5+ 57. gxh6+ Kxh6 58. Bf4+ Kg7 59. Bd6
Rf7 60. Bg3 Ree7 61. Bd6 Re6 62. Bg3 Rfe7 63. Bd6 Re8 64. Rd7+ Kg8 65. Kg5 b6
66. Kh6 Rf6 67. Rg7+ 1/2-1/2

[Event "GBR-ch 100th"]
[Site "Torquay"]
[Date "2013.08.07"]
[Round "9"]
[White "Bates, Richard"]
[Black "Varnam, Liam"]
[Result "1-0"]
[WhiteElo "2375"]
[BlackElo "2107"]
[PlyCount "73"]
[EventDate "2013.07.29"]
[EventType "swiss"]
[EventRounds "11"]
[EventCountry "GBR"]
[Source "John Saunders"]
[SourceDate "2015.07.24"]

1. d4 d5 2. c4 dxc4 3. Nf3 Nf6 4. e3 e6 5. Bxc4 c5 6. O-O a6 7. Bb3 b5 8. a4 b4
9. e4 cxd4 10. Nbd2 Bb7 11. e5 Nfd7 12. Nc4 Nc6 13. Bg5 Qc7 14. Rc1 Nc5 15. Ba2
h6 16. Bh4 g5 17. Nd6+ Bxd6 18. exd6 Qxd6 19. Bg3 e5 20. Re1 Nd7 21. Bb1 f6 22.
Bg6+ Kd8 23. Bf5 Rc8 24. Nd2 Na5 25. Qh5 Rc5 26. Rxc5 Nxc5 27. Qf7 Qf8 28. Qh5
Qe8 29. Bg6 Qc6 30. f3 Ncb3 31. Be4 Qe6 32. Nxb3 Qxb3 33. Qg6 Rf8 34. Bxe5 Qe6
35. Bxb7 Kd7 36. Bg3 Qb6 37. Qg7+ 1-0

[Event "GBR-ch 100th"]
[Site "Torquay"]
[Date "2013.08.07"]
[Round "9"]
[White "Brown, Martin"]
[Black "Horton, Andrew P"]
[Result "0-1"]
[WhiteElo "2203"]
[BlackElo "2032"]
[PlyCount "68"]
[EventDate "2013.07.29"]
[EventType "swiss"]
[EventRounds "11"]
[EventCountry "GBR"]
[Source "John Saunders"]
[SourceDate "2015.07.24"]

1. e4 e5 2. Nf3 Nc6 3. d4 exd4 4. Nxd4 Nf6 5. Nxc6 bxc6 6. e5 Qe7 7. Qe2 Nd5 8.
c4 Nb6 9. Nc3 Bb7 10. Bd2 g6 11. h4 Bg7 12. O-O-O O-O 13. f4 Ba6 14. Qe4 Rfe8
15. h5 Qe6 16. hxg6 hxg6 17. c5 f5 18. exf6 Qxf6 19. Qb4 Bxf1 20. Rhxf1 Nd5 21.
Nxd5 cxd5 22. Bc3 Qf7 23. Bxg7 Qxg7 24. Rxd5 Rab8 25. Qd2 Re7 26. f5 Rf8 27. g4
Rfe8 28. fxg6 Qxg6 29. Rd1 Re5 30. Qf4 Qg7 31. Rxd7 Rxc5+ 32. Kb1 Qxd7 33. Rh1
Qe7 34. a3 Qe4+ 0-1

[Event "GBR-ch 100th"]
[Site "Torquay"]
[Date "2013.08.07"]
[Round "9"]
[White "Burnett, Jim"]
[Black "Gill, Oliver"]
[Result "1-0"]
[WhiteElo "2117"]
[BlackElo "1974"]
[PlyCount "55"]
[EventDate "2013.07.29"]
[EventType "swiss"]
[EventRounds "11"]
[EventCountry "GBR"]
[Source "John Saunders"]
[SourceDate "2015.07.24"]

1. d4 Nc6 2. d5 Ne5 3. e4 e6 4. dxe6 dxe6 5. Qxd8+ Kxd8 6. f4 Nc6 7. Bd2 Nf6 8.
Nc3 Bc5 9. O-O-O Ke7 10. h3 h5 11. g3 Rd8 12. Bg2 a6 13. Nge2 Nd4 14. Nxd4 Bxd4
15. e5 Bxc3 16. Bxc3 Nd5 17. Bd4 b5 18. Bc5+ Ke8 19. Bf3 g6 20. g4 Bb7 21. gxh5
gxh5 22. Rhg1 Rab8 23. Bxh5 Ne7 24. Rxd8+ Rxd8 25. Rg7 Be4 26. Rxf7 Ng6 27. Rf6
Rd5 28. b4 1-0

[Event "GBR-ch 100th"]
[Site "Torquay"]
[Date "2013.08.07"]
[Round "9"]
[White "Dilleigh, Steve"]
[Black "Rayner, Francis"]
[Result "1/2-1/2"]
[WhiteElo "2121"]
[BlackElo "2186"]
[PlyCount "38"]
[EventDate "2013.07.29"]
[EventType "swiss"]
[EventRounds "11"]
[EventCountry "GBR"]
[Source "John Saunders"]
[SourceDate "2015.07.24"]

1. d4 Nf6 2. c4 e6 3. Nc3 Bb4 4. e3 b6 5. Nge2 Bb7 6. a3 Be7 7. d5 O-O 8. e4
Re8 9. Ng3 exd5 10. cxd5 Bd6 11. f3 Be5 12. Bc4 Na6 13. Be3 c6 14. dxc6 dxc6
15. Qxd8 Raxd8 16. Ke2 Nc7 17. Rhd1 Bc8 18. Rxd8 Rxd8 19. Rd1 Rxd1 1/2-1/2